000
00216 a2200085 4500
020
_a
9781945150630
100
_a
RAFAEL AND RICARDO
245
_a
PARANOAZINHO: CITY-MAKING BEYOND BRASILIA
260
_b
YALE UNIVERSITY PRESS
999
_c
13065
_d
13065